Normal view
MARC view
Entry Personal Name
001 - CONTROL NUMBER
- control field: 1236430
003 - CONTROL NUMBER IDENTIFIER
- control field: OSt
005 - DATE AND TIME OF LATEST TRANSACTION
- control field: 20260430150106.0
008 - FIXED-LENGTH DATA ELEMENTS
- fixed length control field: 260430|| aca||aabn | a|a d
040 ## - CATALOGING SOURCE
- Original cataloging agency: OSt
- Transcribing agency: OSt
100 ## - HEADING--PERSONAL NAME
- Personal name: Malik Anku Au.; Geeta Trilok Kumar Gu
670 ## - SOURCE DATA FOUND
- Source citation: Work cat.: (OSt)1848925: Malik Anku Au.; Geeta Trilok Kumar Gu., Body composition, bone and muscile strength of school children (8-14 Years) born low birth weight at term, 2021
